| 000 | 00973nam a2200265Ia 4500 | ||
|---|---|---|---|
| 001 | 22041 | ||
| 005 | 20260320113336.0 | ||
| 008 | 260320s9999||||xx |||||||||||||| ||und|| | ||
| 020 | _a9786124102875 | ||
| 041 | _aESP | ||
| 082 |
_a278.5985 _bM26 |
||
| 100 |
_aMartínez, Emilio, _eAUT |
||
| 245 | 0 |
_aAños en el Ande : _breflexiones y aprendizajes entre Quispicanchi y Cangallo |
|
| 246 |
_a _5 _b |
||
| 250 | _aPrimera edición | ||
| 260 |
_aLima : _bUniversidad Antonio Ruiz de Montoya, _c2024 |
||
| 300 |
_a130 páginas : _bfotografías ; _c19 cm. _e |
||
| 440 |
_a(Colección Textos jesuitas) _n _v |
||
| 650 | _aREL | ||
| 653 | _aJesuitas; Sincretismo religioso; Quispicanchi - Cuzco (Perú); Cultura andina | ||
| 654 | _aCHU | ||
| 700 |
_a _c |
||
| 856 |
_uhttps://0u21ao98x-y-https-go-gale-com.itmsp.museknowledge.com/ps/start.do?p=IFME&u=ucsp&authCount=1&aty=ip _zVéase además: Base de datos Gale OneFile Informe Académico |
||
| 942 |
_cLIB _dJUS _fMAT _2ddc _n |
||
| 999 |
_c22041 _d22041 |
||